LEADER 01059nam--2200361---450- 001 990005883090203316 005 20130910114514.0 035 $a000588309 035 $aUSA01000588309 035 $a(ALEPH)000588309USA01 035 $a000588309 100 $a20130910d1967----km-y0itay50------ba 101 $afre 102 $aNL 105 $a||||||||001yy 200 1 $aChronologie égyptienne d'après les textes démotiques$e332 av. J.-C. - 453 ap. J.-C.$fpar P.W. Pestman 210 $aLugdunum Batavorum$cBrill$d1967 215 $a233 p.$d28 cm 225 2 $aPapyrologica Lugduno-Batava$v15 410 0$12001$aPapyrologica Lugduno-Batava$v15 454 1$12001 461 1$1001-------$12001 606 0 $aCronologia 676 $a529 700 1$aPESTMAN,$bP.W.$0539747 801 0$aIT$bsalbc$gISBD 912 $a990005883090203316 951 $aPP 326$b7884 DSA 959 $aBK 969 $aDSA 979 $aDSA$b90$c20130910$lUSA01$h1145 996 $aChronologie égyptienne d'après les textes démotiques$91085206 997 $aUNISA LEADER 03612 am 2200673 n 450 001 9910342257703321 005 20190607 010 $a2-7535-6692-5 024 7 $a10.4000/books.pur.103334 035 $a(CKB)4100000009456567 035 $a(FrMaCLE)OB-pur-103334 035 $a(oapen)https://directory.doabooks.org/handle/20.500.12854/45172 035 $a(PPN)267959753 035 $a(EXLCZ)994100000009456567 100 $a20191009j|||||||| ||| 0 101 0 $afre 135 $auu||||||m|||| 181 $ctxt$2rdacontent 182 $cc$2rdamedia 183 $acr$2rdacarrier 200 13$aLa dignité de roi $eRegards sur la royauté en France au premier XIXe siècle /$fHélène Becquet, Bettina Frederking 210 $aRennes $cPresses universitaires de Rennes$d2019 215 $a1 online resource (206 p.) 311 $a2-7535-0949-2 330 $aDans l'historiographie comme dans la mémoire nationale, une idée prédomine : la royauté serait morte en France avec Louis XVI, ce régicide étant l'aboutissement d'un processus inéluctable de désacralisation de la royauté. Pourtant, le XIXe siècle français voit se succéder Premier Empire, monarchies constitutionnelles des Bourbons de la branche aînée puis de la branche cadette, Second Empire, jusqu'à ce que l'espoir d'une restauration monarchique s'évanouisse pour la dernière fois pendant les premières années de la IIIe République. On assiste donc pendant toute cette période à des réinventions successives de la monarchie, résultats d'un compromis souvent malaisé entre tradition et innovation. Réinventer la monarchie, c'est avant tout repenser la place du monarque dans le régime, autrement dit redéfinir la royauté. C'est à cette royauté ? « la dignité de roi » d'après la définition du Dictionnaire de l'Académie depuis 1692 ? que le présent ouvrage est consacré. Dans le cadre d'une histoire politique enrichie notamment par les apports de l'histoire culturelle, le volume rassemble des articles dont l'ambition est de contribuer au renouveau actuel de l'histoire de la France du XIXe siècle. Ils explorent tour à tour les mécanismes du pouvoir royal, sa représentation, ses modes de légitimation et la réception de l'image des régimes, ainsi que la question de l'intégration des femmes ? qu'elles soient épouses, mères ou s?urs ? dans les royautés de la période. 606 $aHistory 606 $arois et souverains 606 $aroyauté 606 $ahistoriographie 606 $ahistoire politique 606 $ahistoire de France 610 $aroyauté 610 $ahistoriographie 610 $ahistoire de France 610 $ahistoire politique 610 $arois et souverains 615 4$aHistory 615 4$arois et souverains 615 4$aroyauté 615 4$ahistoriographie 615 4$ahistoire politique 615 4$ahistoire de France 700 $aBecquet$b Hélène$01300513 701 $aFranconie$b Grégoire$01300514 701 $aFrederking$b Bettina$01300515 701 $aGal$b Sébastien Le$01300516 701 $aHazareesingh$b Sudhir$01085875 701 $aKerautret$b Michel$0691662 701 $aMartin$b Jean-Clément$0686539 701 $aPetiteau$b Natalie$0686538 701 $aPrice$b Munro$01199765 701 $aTrétout$b Thibaut$01300517 701 $aBecquet$b Hélène$01300513 701 $aFrederking$b Bettina$01300515 801 0$bFR-FrMaCLE 906 $aBOOK 912 $a9910342257703321 996 $aLa dignité de roi$93025554 997 $aUNINA LEADER 00613nam 2200181 i 4500 001 991004297836807536 005 20240111120828.0 008 231128s1944 it e 000 0 ita d 040 $aBibl. Dip.le Aggr. Ingegneria Innovazione - Sez. IngegneriaInnovazione$bita 082 0 $a027.50945 110 1 $aItalia.$bUfficio centrale per i beni archivistici$0423419 245 14$aGli archivi di stato italiani 260 $aBologna :$bZanichelli,$c1944 300 $aVII, 606 p. ;$c25 cm 650 4$aArchivi di Stato$zItalia 912 $a991004297836807536 996 $aArchivi di stato italiani$93601057 997 $aUNISALENTO LEADER 04366oam 2200781zu 450 001 9910140138103321 005 20210807001243.0 010 $a9782709917933 010 $a2709917939 024 7 $a10.4000/books.irdeditions.6907 035 $a(CKB)2560000000351858 035 $a(SSID)ssj0001541277 035 $a(PQKBManifestationID)11873968 035 $a(PQKBTitleCode)TC0001541277 035 $a(PQKBWorkID)11534711 035 $a(PQKB)11317346 035 $a(WaSeSS)IndRDA00044289 035 $a(FrMaCLE)OB-irdeditions-6907 035 $a(oapen)https://directory.doabooks.org/handle/20.500.12854/43874 035 $a(PPN)267949405 035 $a(FR-PaCSA)88876457 035 $a(FRCYB88876457)88876457 035 $a(oapen)doab43874 035 $a(EXLCZ)992560000000351858 100 $a20160829d2000 uy 101 0 $afre 135 $aur||||||||||| 181 $ctxt 182 $cc 183 $acr 200 10$aConservation contre nature : les îles Galápagos 210 $cIRD Éditions$d2000 210 31$a[Place of publication not identified]$cIRD Éditions$d2000 215 $a1 online resource (376 pages) 225 1 $aLatitudes 23 300 $aBibliographic Level Mode of Issuance: Monograph 311 08$a9782709914512 311 08$a2709914514 320 $aIncludes bibliographical references. 330 $aL'archipel des Galápagos, classé « patrimoine naturel de l'humanité », abrite un parc national prestigieux qui bénéficie d'aides internationales considérables. Destiné à faciliter les recherches naturalistes, censé servir de modèle à de nouvelles formes de valorisation touristique plus respectueuses de l'environnement (écotourisme), ce parc est aujourd'hui l'objet de nombreuses critiques. Le développement des réseaux touristiques et migratoires a accéléré le rattachement de l'archipel au territoire équatorien et au marché mondial. La nature « protégée » est devenue un espace soumis aux exigences de rentabilité d'un monde caractérisé par la marchandisation et l'uniformisation des lieux. Cette « conservation contre nature » a des conséquences catastrophiques pour les écosystèmes et les habitants de l'archipel. Au-delà de l'étude d'une région emblématique, l'auteur mène une réflexion sur la place de l'homme dans la nature, véritable plaidoyer en faveur de la préservation de la géodiversité. Son ouvrage novateur et stimulant s'adresse à tous les acteurs soucieux de l'avenir de notre planète. The Galapagos archipelago, a World Héritage site, possesses a highprestige national park that benefits from considerable international aid. However, this park aimed at facilitating research by naturalists and at serving as a model for new forms of tourism displaying more respect for the environment (ecotourism) is severely criticised today. The development of tourist and migration networks has accelerated the connection of the archipelago to Ecuadorean territory and the world market. The "protected" natural environment has become an area subject to the profitability requirements of a world characterised by the commercialisation and uniformisation of places. This "unnatural conservation" is having catastrophic effects on the ecosystems and inhabitants of the archipelago. Beyond studying an emblematic region, the author considers the position of man in nature and pleads for? 410 0$aCollection Latitudes 23. 606 $aGeography$2HILCC 606 $aEarth & Environmental Sciences$2HILCC 606 $aTravel & Tourism$2HILCC 607 $aGalapagos Islands$xEnvironmental aspects 610 $atourisme 610 $aile 610 $aespèce menacée 610 $aconservation de la nature 610 $aparc national 610 $aocéan 610 $amilieu naturel 610 $apêche 610 $acolonisation 610 $abiodiversité 610 $avolcan 610 $asurexploitation 610 $agestion de l?environnement 610 $apatrimoine naturel 615 7$aGeography 615 7$aEarth & Environmental Sciences 615 7$aTravel & Tourism 700 $aGrenier$b Christophe$0885150 801 0$bPQKB 906 $aBOOK 912 $a9910140138103321 996 $aConservation contre nature : les îles Galápagos$91976350 997 $aUNINA